000 00850nas a2200277 4500
001 BR2010001680
003 BR-BrBNA
005 20231205114005.0
007 ta
008 230509b bl.|||p| |||| 00| 00por d
040 _aBR-BrBNA
_bpor
_cBiblioteca Nacional de Agricultura
041 _a(Pt)
072 _aH60
100 1 _aMarcolini, L.W.
100 1 _aCarvalho, L.B.
100 1 _aCruz, M.B.
100 1 _aAlves, P.L.C.A.
100 1 _aCecílio Filho, A.B.
245 1 _aInterferência de caruru-de-mancha sobre características de crescimento e produção da beterraba
650 _aBETERRABA
650 _aCARURU
650 _aCOMPETIÇÃO DE VARIEDADE
773 0 _tPlanta Daninha (Brazil)
_xISSN 0100-8358
_g(Jan-Mar 2010), v. 28(1) p. 41-46
_wBR2010001680
909 _a202311
_bLúcia
_c55
_dLúcia Elande
942 _2AGRIS
_n0
_cANA
999 _c206607
_d206607